000 00461cam a22001337a 4500
008 180718b1985 xxu||||| |||| 00| 0 eng d
082 _aU6x54 In2n
100 _aKabra, Kamal Nayan
245 _aNationalisations in India (1947-1980): A study in policy options
_cBy Kamal Nayan Kabra
260 _aNew Delhi
_bIndian Institute of Public Administration
_c1985
300 _av.p.
650 _aGovernment Ownership - India
650 _aGovernment Enterprise - India
999 _c475812
_d475812